Основы аудита: учебное пособие для вузов

Bibliographische Detailangaben
1. Verfasser: Юдина Г. А. Галина Александровна
Weitere Verfasser: Черных М. Н. Марина Николаевна
Zusammenfassung:Разработано в соответствии с Государственным образовательным стандартом высшего профессионального образования. Рассмотрены теоретические основы аудита, аудиторские стандарты, организация аудита, процесс аудита финансовой отчетности. Для студентов высших учебных заведений, изучающих дисциплины «Основы аудита», «Аудит», слушателей программы подготовки к квалификационному экзамену на получение аттестата аудитора, профессионального бухгалтера, а также для всех, кто интересуется вопросами аудита.
Sprache:Russisch
Veröffentlicht: Москва, КноРус, 2014
Ausgabe:6-е изд., перераб. и доп.
Schlagworte:
Format: MixedMaterials Buch
KOHA link:https://koha.lib.tpu.ru/cgi-bin/koha/opac-detail.pl?biblionumber=268516

MARC

LEADER 00000nam0a2200000 4500
001 268516
005 20231101234156.0
010 |a 9785406030851 
035 |a (RuTPU)RU\TPU\book\291667 
035 |a RU\TPU\book\112104 
035 |a RU\TPU\book\163123 
035 |a RU\TPU\book\202536 
090 |a 268516 
100 |a 20061025d2014 m y0rusy50 ca 
101 0 |a rus 
102 |a RU 
105 |a y j 001zy 
200 1 |a Основы аудита  |e учебное пособие для вузов  |f Г. А. Юдина, М. Н. Черных 
205 |a 6-е изд., перераб. и доп. 
210 |a Москва  |c КноРус  |d 2014 
215 |a 389 с. 
320 |a Библиогр.: с. 382-389. 
320 |a Глоссарий: с. 273-312. 
330 |a Разработано в соответствии с Государственным образовательным стандартом высшего профессионального образования. Рассмотрены теоретические основы аудита, аудиторские стандарты, организация аудита, процесс аудита финансовой отчетности. Для студентов высших учебных заведений, изучающих дисциплины «Основы аудита», «Аудит», слушателей программы подготовки к квалификационному экзамену на получение аттестата аудитора, профессионального бухгалтера, а также для всех, кто интересуется вопросами аудита. 
451 1 |0 (RuTPU)RU\TPU\book\163123  |y 978-5-390-00408-1  |t Основы аудита  |o учебное пособие для вузов  |f Г. А. Юдина, М. Н. Черных  |e 3-е изд., перераб. и доп.  |c М.  |n КноРус  |d 2009  |p 352 с.  |a Юдина, Галина Александровна 
606 1 |a Аудит  |2 stltpush  |3 (RuTPU)RU\TPU\subj\29811  |9 53071 
610 1 |a бухгалтерский учет 
610 1 |a бухгалтерская отчетность 
610 1 |a правовые основы 
610 1 |a аудиторские стандарты 
610 1 |a профессиональная этика 
610 1 |a аудиторские риски 
610 1 |a внутренний контроль 
610 1 |a аудиторская оценка 
610 1 |a аудиторские проверки 
610 1 |a документирование 
610 1 |a методика 
610 1 |a аудиторское заключение 
610 1 |a тесты 
610 1 |a учебные пособия 
675 |a 657.6(075.8)  |v 3 
700 1 |a Юдина  |b Г. А.  |g Галина Александровна 
701 1 |a Черных  |b М. Н.  |g Марина Николаевна 
801 1 |a RU  |b 63413507  |c 20140904 
801 2 |a RU  |b 63413507  |c 20150707  |g RCR 
900 |a Аудит 
900 |a Бухгалтерский учет и аудит 
900 |a Налоги и налогообложение 
900 |a Мировая экономика 
942 |c BK 
951 |b 080300  |b 080100  |l 8.1 
959 |a 124/20140904  |d 2  |e 420,00  |f ЧЗГЛ:1  |f АНЛ:1